[Event "Sparkassen-Open A"]
[Site "Heusenstamm, Martinsee"]
[Date "2019.11.22"]
[Round "3.62"]
[White "Minor, Viatcheslav"]
[Black "Walbrecht, Quirin"]
[Result "1-0"]
[WhiteElo "2060"]
[BlackElo "1856"]
[PlyCount "75"]
[EventDate "2019.??.??"]
[WhiteTeam "SV Eisenach"]
[BlackTeam "FC Bayern München"]

1. e4 c5 2. d3 Nc6 3. Nf3 g6 4. g3 Bg7 5. Bg2 e6 6. O-O b5 7. c3 Nge7 8. d4
cxd4 9. cxd4 O-O 10. d5 Ne5 11. Nxe5 Bxe5 12. Qb3 a6 13. Bh6 Re8 14. Nc3 d6 15.
Rad1 exd5 16. f4 Qb6+ 17. Kh1 Bh8 18. Nxd5 Nxd5 19. Qxd5 Be6 20. Qxd6 Qxd6 21.
Rxd6 Bxb2 22. e5 Rad8 23. Rxa6 Bc4 24. Rb1 Rd2 25. Bg5 b4 26. Rd6 Bc3 27. Rxd2
Bxd2 28. Rd1 Bc3 29. Bd5 Be2 30. Rc1 Bg4 31. Kg2 Be6 32. Bxe6 Rxe6 33. Bf6 Ra6
34. Rc2 Rxf6 35. exf6 Bxf6 36. Rc6 Kg7 37. Kf3 Bc3 38. Ke3 1-0

[Event "Sparkassen-Open A"]
[Site "Heusenstamm, Martinsee"]
[Date "2019.11.22"]
[Round "3.63"]
[White "Ochs, Daniel Elias"]
[Black "Launert, Martin"]
[Result "1-0"]
[WhiteElo "2055"]
[BlackElo "1853"]
[PlyCount "46"]
[EventDate "2019.??.??"]
[WhiteTeam "Wiesbadener SV"]
[BlackTeam "Sfr. Erbach"]

1. d4 d5 2. c4 e6 3. Nf3 Nf6 4. e3 Be7 5. b3 O-O 6. Bd3 Nbd7 7. O-O Re8 8. Bb2
Nf8 9. Ne5 N6d7 10. Nxd7 Bxd7 11. Nd2 c6 12. Nf3 Ng6 13. e4 dxe4 14. Bxe4 Bf6
15. Ne5 Qc7 16. f4 Rad8 17. Qh5 c5 18. Rf3 Bc6 19. Bxc6 bxc6 20. dxc5 Rd2 21.
Bc3 Re2 22. Raf1 Nxe5 23. Bxe5 Rxa2 1-0

[Event "Sparkassen-Open A"]
[Site "Heusenstamm, Martinsee"]
[Date "2019.11.22"]
[Round "3.64"]
[White "Ohler, Julius"]
[Black "Harringer, Manfred"]
[Result "1-0"]
[WhiteElo "1884"]
[BlackElo "2043"]
[PlyCount "63"]
[EventDate "2019.??.??"]
[WhiteTeam "SG Trier"]
[BlackTeam "Bergische SF"]

1. c4 Nf6 2. Nc3 e5 3. g3 Bb4 4. Bg2 Bxc3 5. bxc3 O-O 6. d3 Re8 7. e4 c6 8. Bg5
d6 9. Ne2 Nbd7 10. O-O h6 11. Be3 Ng4 12. Bc1 Nc5 13. h3 Nf6 14. f4 Ne6 15. g4
exf4 16. Nxf4 Ng5 17. Rb1 Rb8 18. Ne2 b5 19. Nd4 Bd7 20. cxb5 cxb5 21. Bf4 Rb6
22. Qd2 Nfh7 23. Qf2 Ne6 24. Be3 Nc5 25. Qxf7+ Kh8 26. Nf5 Bxf5 27. Qxf5 Qe7
28. Qg6 Rf8 29. Bd4 d5 30. Rxf8+ Qxf8 31. Qf5 Nf6 32. e5 1-0

[Event "Sparkassen-Open A"]
[Site "Heusenstamm, Martinsee"]
[Date "2019.11.22"]
[Round "3.65"]
[White "Stümer, Paul"]
[Black "Faber, Lutz"]
[Result "1-0"]
[WhiteElo "2050"]
[BlackElo "1839"]
[PlyCount "67"]
[EventDate "2019.??.??"]
[WhiteTeam "SV Bergneustadt/Derschlag"]
[BlackTeam "Zwickauer SC"]

1. Nf3 g6 2. d4 Bg7 3. e4 d6 4. Bc4 Nf6 5. Qe2 Nbd7 6. Bxf7+ Kxf7 7. Ng5+ Kg8
8. Ne6 Qe8 9. Nxc7 Qf7 10. Nxa8 Ne8 11. c3 b6 12. Qb5 e6 13. Qc6 Ba6 14. Nc7
Nxc7 15. Qxc7 Bd3 16. f3 d5 17. exd5 exd5 18. Qf4 Bf6 19. Qe3 Ba6 20. Kf2 h6
21. Re1 Bg5 22. Qe8+ Qxe8 23. Rxe8+ Kg7 24. Rxh8 Bxc1 25. Rd8 Nf6 26. a4 Bc4
27. Na3 Bxb2 28. Nxc4 Bxa1 29. Na3 Kf7 30. Nb1 Bb2 31. a5 b5 32. Ke3 Bc1+ 33.
Kd3 Bf4 34. Ra8 1-0

[Event "Sparkassen-Open A"]
[Site "Heusenstamm, Martinsee"]
[Date "2019.11.22"]
[Round "3.66"]
[White "Schröder, Jürgen"]
[Black "Körbel, Ekkehard"]
[Result "1-0"]
[WhiteElo "2041"]
[BlackElo "1827"]
[PlyCount "73"]
[EventDate "2019.??.??"]
[WhiteTeam "SC Matt im Park"]
[BlackTeam "SK Geisenheim"]

1. e4 e5 2. Bc4 Nf6 3. d3 Bc5 4. Nc3 a6 5. f4 d6 6. Nf3 Nc6 7. Nd5 Bg4 8. c3
Ba7 9. h3 Bxf3 10. Qxf3 Na5 11. fxe5 dxe5 12. Bg5 Qd6 13. Bxf6 gxf6 14. Nxf6+
Kd8 15. O-O-O c6 16. Ng4 h5 17. Ne3 Qh6 18. Rhe1 Nxc4 19. dxc4+ Ke7 20. Kc2
Bxe3 21. Rxe3 Rad8 22. Red3 Qg6 23. R1d2 Rxd3 24. Qxd3 Qe6 25. Qe3 Ke8 26. Qg5
Qe7 27. Qf5 Qe6 28. Qg5 Qe7 29. Qg7 Rf8 30. Rf2 f6 31. Qg6+ Qf7 32. Rxf6 Qxg6
33. Rxg6 Rf2+ 34. Kb3 Kf7 35. Rg5 Kf6 36. Rxh5 Rf4 37. Rf5+ 1-0

[Event "Sparkassen-Open A"]
[Site "Heusenstamm, Martinsee"]
[Date "2019.11.22"]
[Round "3.67"]
[White "Eg, Karlheinz"]
[Black "Agnello, Francesco Claudio"]
[Result "0-1"]
[WhiteElo "1861"]
[BlackElo "2040"]
[PlyCount "46"]
[EventDate "2019.??.??"]
[WhiteTeam "SV Rüsselsheim"]
[BlackTeam "vereinslos/Leipzig"]

1. e4 Nf6 2. Nc3 d5 3. exd5 Nxd5 4. d4 g6 5. Bc4 Nb6 6. Bb3 Bg7 7. Nf3 Nc6 8.
O-O O-O 9. Be3 Na5 10. h3 Nxb3 11. axb3 Nd5 12. Nxd5 Qxd5 13. Qd2 b6 14. c4 Qh5
15. Kh2 Bxh3 16. gxh3 Qxf3 17. Ra6 Rfd8 18. Rfa1 Be5+ 19. Kg1 Qxh3 20. Rxa7
Bh2+ 21. Kh1 Rxa7 22. Rxa7 c5 23. Ra6 cxd4 0-1

[Event "Sparkassen-Open A"]
[Site "Heusenstamm, Martinsee"]
[Date "2019.11.22"]
[Round "3.68"]
[White "Schmidbauer, Frank"]
[Black "Viol, Julius"]
[Result "1-0"]
[WhiteElo "2040"]
[BlackElo "1782"]
[PlyCount "137"]
[EventDate "2019.??.??"]
[WhiteTeam "SV Wollishofen Zürich"]
[BlackTeam "FC Bierstadt"]

1. Nf3 Nf6 2. g3 g6 3. b3 Bg7 4. Bb2 d5 5. c4 c6 6. Bg2 O-O 7. O-O Nbd7 8. Qc2
Re8 9. Nc3 e5 10. cxd5 Nxd5 11. d3 N7b6 12. Rad1 Be6 13. Ne4 Nb4 14. Qb1 Bd5
15. a3 Na6 16. Qc2 Bxe4 17. dxe4 Qe7 18. Rd2 Rad8 19. Rfd1 f6 20. e3 Rxd2 21.
Rxd2 Rd8 22. Bf1 Rxd2 23. Nxd2 Nc7 24. b4 Kh8 25. Qb3 Qe6 26. Qc2 Qd6 27. Nc4
Nxc4 28. Qxc4 Bf8 29. Qf7 Qe7 30. Qxe7 Bxe7 31. f4 Bd6 32. Kf2 Kg7 33. Bh3 g5
34. Bc8 b6 35. Kf3 h5 36. h3 Kf7 37. f5 c5 38. bxc5 Bxc5 39. Ke2 Nb5 40. a4 Nd6
41. Be6+ Ke7 42. Bd5 a5 43. Kd3 Kf8 44. Bc3 Ke7 45. Bb3 Ne8 46. Bd2 Kd6 47. Bf7
Ng7 48. Kc4 Kc6 49. Bd5+ Kd6 50. Bf7 Kc6 51. g4 hxg4 52. hxg4 Kd6 53. Kb5 Ke7
54. Bg6 Kd6 55. Bc1 Kd7 56. Bd2 Kd6 57. Bf7 Kc7 58. Bd5 Kd6 59. Bc6 Kc7 60.
Bxa5 Bxe3 61. Bb4 Kd8 62. Bd6 Ne8 63. Bxe8 Kxe8 64. Bc7 Kd7 65. Bxb6 Bd2 66. a5
Kc8 67. Kc6 Bb4 68. a6 Kb8 69. Kd7 1-0

[Event "Sparkassen-Open A"]
[Site "Heusenstamm, Martinsee"]
[Date "2019.11.22"]
[Round "3.69"]
[White "Atasoy, Tarik"]
[Black "Steudel, Max"]
[Result "0-1"]
[WhiteElo "1805"]
[BlackElo "1912"]
[PlyCount "38"]
[EventDate "2019.??.??"]
[WhiteTeam "SV Letmathe"]
[BlackTeam "SC Brett vorm Kopp"]

1. e4 c5 2. Nf3 g6 3. d4 cxd4 4. Nxd4 Nc6 5. Nc3 Bg7 6. Be3 Nf6 7. Bc4 O-O 8.
Qd2 Ng4 9. Nxc6 dxc6 10. f3 Nxe3 11. Qxe3 b5 12. Bb3 a5 13. a3 Ba6 14. e5 e6
15. Qc5 Qh4+ 16. g3 Qh5 17. f4 b4 18. axb4 Qf3 19. Rg1 axb4 0-1

[Event "Sparkassen-Open A"]
[Site "Heusenstamm, Martinsee"]
[Date "2019.11.22"]
[Round "3.70"]
[White "Kirchner, Markus"]
[Black "Welsch, Roland"]
[Result "1/2-1/2"]
[WhiteElo "2038"]
[BlackElo "1802"]
[PlyCount "38"]
[EventDate "2019.??.??"]
[WhiteTeam "SF Schöneck"]
[BlackTeam "SV Multatuli Ingelheim e.V."]

1. e4 e6 2. d4 d5 3. Nd2 dxe4 4. Nxe4 Nd7 5. Nf3 Ngf6 6. Bd3 Nxe4 7. Bxe4 Nf6
8. Bd3 c5 9. dxc5 Bxc5 10. O-O O-O 11. c3 Qc7 12. Bg5 Rd8 13. Qc2 h6 14. Bxf6
gxf6 15. Rad1 f5 16. Rfe1 b6 17. Qe2 Bb7 18. Bc2 Rxd1 19. Rxd1 Rd8 1/2-1/2

[Event "Sparkassen-Open A"]
[Site "Heusenstamm, Martinsee"]
[Date "2019.11.22"]
[Round "3.71"]
[White "Chassard, Cedric"]
[Black "Wachsmann, Elmar"]
[Result "1-0"]
[WhiteElo "2037"]
[BlackElo "1777"]
[PlyCount "85"]
[EventDate "2019.??.??"]
[WhiteTeam "SV Riegelsberg"]
[BlackTeam "SC Groß-Umstadt"]

1. e4 e5 2. Nf3 Nc6 3. Bc4 Nf6 4. d3 Be7 5. O-O O-O 6. c3 d6 7. Bb3 Na5 8. Bc2
c5 9. d4 Qc7 10. h3 Bd7 11. Re1 Rac8 12. dxc5 dxc5 13. Nbd2 Rfd8 14. Qe2 c4 15.
Nf1 b5 16. Ne3 Bc6 17. Nf5 h6 18. Nh2 Bf8 19. Ng4 Nxg4 20. Qxg4 Kh7 21. Re3 f6
22. Rg3 Qf7 23. Nh4 Bd7 24. Qe2 Nb7 25. Rg6 Nc5 26. Qh5 Be8 27. Qf5 Kh8 28.
Bxh6 Qe6 29. Rxf6 Qxf6 30. Qxf6 gxf6 31. Bxf8 Rd7 32. Nf5 Kh7 33. Ne7 Rcc7 34.
Nd5 Rxd5 35. exd5+ Kg8 36. Bd6 Rc8 37. Bf5 Nd7 38. Be6+ Kg7 39. a4 b4 40. Bxb4
Rb8 41. Re1 a5 42. Bxa5 Rxb2 43. Bb4 1-0

[Event "Sparkassen-Open A"]
[Site "Heusenstamm, Martinsee"]
[Date "2019.11.22"]
[Round "3.72"]
[White "Nickel, Jonas"]
[Black "Burkhardt, Holger"]
[Result "1/2-1/2"]
[WhiteElo "1765"]
[BlackElo "2036"]
[PlyCount "61"]
[EventDate "2019.??.??"]
[WhiteTeam "SV Büdingen-Ortenberg"]
[BlackTeam "SK Gießen"]

1. e4 d6 2. d4 Nf6 3. f3 e5 4. Be3 Be7 5. Ne2 Nbd7 6. c4 h5 7. Nbc3 c6 8. Qd2
a6 9. d5 h4 10. b4 Nh7 11. c5 dxc5 12. d6 Bg5 13. bxc5 Nxc5 14. f4 Ne6 15. fxg5
Nhxg5 16. Rd1 Bd7 17. Ng1 b5 18. Nf3 f6 19. Bd3 Nf7 20. Bc2 c5 21. Nd5 Rc8 22.
Ne7 Rb8 23. Qd5 h3 24. g3 Qa5+ 25. Kf2 Qc3 26. Bb3 c4 27. Bd2 Qb2 28. Rb1 Qa3
29. Bxc4 Qxd6 30. Qxd6 Nxd6 31. Ng6 1/2-1/2

[Event "Sparkassen-Open A"]
[Site "Heusenstamm, Martinsee"]
[Date "2019.11.22"]
[Round "3.73"]
[White "Weiss, Matthias"]
[Black "Hoppstädter, Daniel"]
[Result "1-0"]
[WhiteElo "2036"]
[BlackElo "1757"]
[PlyCount "79"]
[EventDate "2019.??.??"]
[WhiteTeam "SF Schöneck"]
[BlackTeam "SC Illingen"]

1. e4 c5 2. c3 Nf6 3. e5 Nd5 4. d4 cxd4 5. Bc4 Nb6 6. Bb3 e6 7. cxd4 Nc6 8. Nf3
d5 9. Nc3 Be7 10. O-O O-O 11. a3 a6 12. Qd3 f5 13. exf6 Bxf6 14. Bc2 g6 15. Bh6
Rf7 16. b4 Nc4 17. Na4 b6 18. Rfe1 Bd7 19. Ra2 Na7 20. Nc3 Nb5 21. Nxb5 Bxb5
22. Qd1 Qd7 23. a4 Bc6 24. Bb3 Nd6 25. Ne5 Bxe5 26. Rxe5 Ne4 27. Qe1 Re8 28. f3
Nd6 29. Rae2 Nf5 30. Be3 Nxe3 31. R2xe3 Rf6 32. a5 b5 33. Rc3 Rc8 34. Qc1 Qa7
35. Rc5 Rcf8 36. Rxc6 Qxd4+ 37. Qe3 Qg4 38. Bxd5 Qxb4 39. Rcxe6 Qb1+ 40. Qe1
1-0

[Event "Sparkassen-Open A"]
[Site "Heusenstamm, Martinsee"]
[Date "2019.11.22"]
[Round "3.74"]
[White "Zweschper, Erich"]
[Black "Rüll, Michael"]
[Result "1-0"]
[WhiteElo "2029"]
[BlackElo "1742"]
[PlyCount "33"]
[EventDate "2019.??.??"]
[WhiteTeam "SV Kelsterbach"]
[BlackTeam "SC Obertshausen"]

1. d4 Nf6 2. Nf3 d6 3. c4 g6 4. Nc3 Bg7 5. Bg5 c5 6. d5 h6 7. Bd2 O-O 8. e4 Na6
9. Bd3 e6 10. dxe6 fxe6 11. e5 Ng4 12. Bxg6 Nxe5 13. Nxe5 Bxe5 14. Qh5 Bf4 15.
Bxf4 Rxf4 16. Qxh6 Qf6 17. g3 1-0

[Event "Sparkassen-Open A"]
[Site "Heusenstamm, Martinsee"]
[Date "2019.11.22"]
[Round "3.75"]
[White "Syed, Tareq"]
[Black "Baumgarten, Fred"]
[Result "1/2-1/2"]
[WhiteElo "2027"]
[BlackElo "1668"]
[PlyCount "50"]
[EventDate "2019.??.??"]
[WhiteTeam "SC Brett vorm Kopp"]
[BlackTeam "SV Hennef"]

1. d3 d5 2. g3 Nf6 3. Bg2 g6 4. Nd2 Bg7 5. e4 dxe4 6. dxe4 Nc6 7. Ngf3 O-O 8.
O-O Bg4 9. h3 Bd7 10. c3 Qc8 11. Kh2 h5 12. Qe2 Nh7 13. Nb3 a6 14. Nc5 Be8 15.
e5 b6 16. Nb3 Ra7 17. Bf4 e6 18. Rae1 Ne7 19. Qd2 Bb5 20. Rh1 Rd8 21. Qc1 c5
22. c4 Bc6 23. Nbd2 Qa8 24. Rhg1 Rd3 25. Ng5 Bxg2 1/2-1/2

[Event "Sparkassen-Open A"]
[Site "Heusenstamm, Martinsee"]
[Date "2019.11.22"]
[Round "3.76"]
[White "Werner, Rosalie"]
[Black "Richter, Gerald"]
[Result "0-1"]
[WhiteElo "1592"]
[BlackElo "2024"]
[PlyCount "110"]
[EventDate "2019.??.??"]
[WhiteTeam "VSG Offenbach"]
[BlackTeam "Siegener SV"]

1. e4 c5 2. Nf3 d6 3. d4 cxd4 4. Nxd4 Nf6 5. Nc3 a6 6. Be2 e5 7. Nb3 Be6 8. O-O
Be7 9. Re1 Nbd7 10. Bf3 h6 11. a4 b6 12. Be3 O-O 13. a5 b5 14. Nd5 Bxd5 15.
exd5 Rc8 16. Qd3 Qc7 17. c3 Rfe8 18. Nd2 Nc5 19. Qf5 g6 20. Qc2 Bf8 21. b4 Ncd7
22. Rac1 Qb7 23. Qd3 Nh7 24. g4 Ndf6 25. h3 Qe7 26. Bf4 Nd7 27. Bg3 Qf6 28. Ne4
Qg7 29. Nd2 Nhf6 30. Ne4 Nxe4 31. Bxe4 Rc4 32. Kg2 Be7 33. f3 Bg5 34. Rc2 Qf6
35. Qe2 Rec8 36. Qd3 Kg7 37. Rh1 Bh4 38. Bxh4 Qxh4 39. Qe3 R8c7 40. Rhc1 Nf6
41. Rd2 Qg5 42. Re2 Nxe4 43. fxe4 Rxe4 44. Qxg5 Rxe2+ 45. Kf3 hxg5 46. Kxe2 f5
47. Ke3 e4 48. Kd2 Kf6 49. c4 bxc4 50. Kc3 Ke5 51. Rf1 f4 52. b5 axb5 53. Rb1
e3 54. Rxb5 f3 55. Rb8 f2 0-1

[Event "Sparkassen-Open A"]
[Site "Heusenstamm, Martinsee"]
[Date "2019.11.22"]
[Round "3.77"]
[White "Altenbernd, Jannis-Domenik"]
[Black "Buchholz, Maja"]
[Result "0-1"]
[WhiteElo "2022"]
[BlackElo "1552"]
[PlyCount "86"]
[EventDate "2019.??.??"]
[WhiteTeam "SG Bünde"]
[BlackTeam "SK Langen"]

1. d4 Nf6 2. c4 g6 3. Nc3 Bg7 4. e4 d6 5. f3 O-O 6. Bg5 Na6 7. Qd2 Re8 8. Nge2
c5 9. d5 Bd7 10. Ng3 Rb8 11. Be2 Nc7 12. a4 b6 13. O-O a6 14. Rab1 b5 15. axb5
axb5 16. b4 cxb4 17. Rxb4 Na6 18. Rbb1 bxc4 19. Bxc4 Nc5 20. Nb5 Ra8 21. Be3
Qb6 22. Qf2 Rec8 23. Rfc1 Ra5 24. Nd4 Qa7 25. Nb3 Ra2 26. Be2 Ba4 27. Nxc5 dxc5
28. Bxc5 Qa8 29. Be3 Bc2 30. Rb4 Qa3 31. Rb7 Rc3 32. Rb8+ Bf8 33. Bh6 Nd7 34.
Rd8 f6 35. Qe1 Kf7 36. Bxf8 Nxf8 37. Bb5 Qb2 38. Bf1 Bd3 39. Qxc3 Qf2+ 40. Kh1
Bxf1 41. Rxf8+ Kxf8 42. Qc8+ Kg7 43. Nf5+ gxf5 0-1

[Event "Sparkassen-Open A"]
[Site "Heusenstamm, Martinsee"]
[Date "2019.11.22"]
[Round "3.78"]
[White "Goetz, Fenja"]
[Black "Özdemir, Ali Özden"]
[Result "0-1"]
[WhiteElo "1490"]
[BlackElo "2017"]
[PlyCount "50"]
[EventDate "2019.??.??"]
[WhiteTeam "SK Bad Homburg"]
[BlackTeam "SK Langen"]

1. e4 c5 2. Nf3 d6 3. Nc3 Nf6 4. Bc4 Nc6 5. O-O g6 6. d3 Bg7 7. h3 O-O 8. Be3
a6 9. a3 b5 10. Ba2 Nd7 11. Rb1 Bb7 12. Ne2 Rc8 13. Qd2 Re8 14. Bh6 Bh8 15. Ng5
e6 16. Nf4 Qf6 17. Nd5 exd5 18. Bxd5 Nd8 19. Nxf7 Bxd5 20. Nxd6 Qxd6 21. exd5
Qxd5 22. Rbe1 Nf7 23. b3 Nxh6 24. Qxh6 Bc3 25. Rd1 Re2 $138 0-1

[Event "Sparkassen-Open A"]
[Site "Heusenstamm, Martinsee"]
[Date "2019.11.22"]
[Round "3.79"]
[White "Heindrich, Mark"]
[Black "Cramer, Lydia"]
[Result "1-0"]
[WhiteElo "2096"]
[BlackElo "1529"]
[PlyCount "79"]
[EventDate "2019.??.??"]
[WhiteTeam "TuS Dotzheim"]
[BlackTeam "ZSG Waltershausen"]

1. e4 e5 2. Nf3 Nc6 3. Bb5 a6 4. Ba4 Nf6 5. O-O b5 6. Bb3 Be7 7. Re1 d6 8. c3
O-O 9. d4 Bb7 10. Nbd2 Re8 11. Nf1 Nb8 12. dxe5 Nxe4 13. Bd5 Nc5 14. exd6 Bxd6
15. Rxe8+ Qxe8 16. Ng5 Bxd5 17. Qxd5 Nbd7 18. Nxf7 Ne6 19. Nxd6 cxd6 20. Qxd6
Ndc5 21. Be3 Rd8 22. Qg3 Rd3 23. Qe5 Nd7 24. Qf5 Rd6 25. Re1 g6 26. Qe4 Nf6 27.
Qe5 Qd8 28. h3 Nc7 29. Nh2 Re6 30. Qg5 Ncd5 31. Rd1 Qe8 32. Rxd5 Rxe3 33. Qxf6
Re1+ 34. Nf1 Re7 35. Qd4 Qf8 36. Ne3 Re8 37. Ng4 Re1+ 38. Kh2 Qb8+ 39. g3 Qb7
40. Nh6+ 1-0

[Event "Sparkassen-Open A"]
[Site "Heusenstamm, Martinsee"]
[Date "2019.11.22"]
[Round "3.80"]
[White "Riemann, Jonas"]
[Black "Zhou, David"]
[Result "0-1"]
[WhiteElo "1882"]
[BlackElo "2141"]
[PlyCount "84"]
[EventDate "2019.??.??"]
[WhiteTeam "SK Bickenbach"]
[BlackTeam "Quebec"]

1. e4 c5 2. Nf3 g6 3. d4 cxd4 4. Nxd4 Nf6 5. Nc3 Nc6 6. f3 Bg7 7. Be3 O-O 8.
Qd2 d5 9. O-O-O dxe4 10. Nxe4 Nxe4 11. fxe4 Bxd4 12. Bxd4 Bg4 13. Be3 Bxd1 14.
Qxd1 Qxd1+ 15. Kxd1 Rfd8+ 16. Kc1 Rac8 17. Bc4 Nb4 18. Bb3 Nd3+ 19. Kb1 Nc5 20.
Bd5 e6 21. Bxc5 exd5 22. Bxa7 dxe4 23. Be3 f5 24. c3 Rd3 25. Re1 Kf7 26. Kc2 g5
27. g4 f4 28. Bg1 Re8 29. Rxe4 Rxe4 30. Kxd3 Re1 31. Bd4 Rh1 32. a4 Rxh2 33. b4
Rg2 34. a5 Rxg4 35. b5 Rg2 36. a6 bxa6 37. bxa6 Ra2 38. a7 h5 39. Ke4 Ke6 40.
c4 h4 41. Bf2 h3 42. Bg1 Rxa7 0-1

[Event "Sparkassen-Open A"]
[Site "Heusenstamm, Martinsee"]
[Date "2019.11.22"]
[Round "3.81"]
[White "Bittner, Peter"]
[Black "Rondonuwu, Grover"]
[Result "1-0"]
[WhiteElo "1870"]
[BlackElo "2106"]
[PlyCount "79"]
[EventDate "2019.??.??"]
[WhiteTeam "SC Nied"]
[BlackTeam "Frankfurter TV"]

1. d4 d5 2. Bf4 Nf6 3. Nf3 c5 4. c3 Nc6 5. e3 Qb6 6. Qb3 c4 7. Qc2 Bf5 8. Qc1
h6 9. h3 a5 10. Nbd2 a4 11. Be2 e6 12. a3 Be7 13. Ne5 O-O 14. O-O Ra5 15. f3
Rb5 16. Bd1 Rxb2 17. Ndxc4 dxc4 18. Nxc4 Rb1 19. Nxb6 Rxc1 20. Rxc1 Bxa3 21.
Ra1 Bb2 22. Rxa4 Bxc3 23. Be2 g5 24. Bd6 Rd8 25. Ra8 Rxa8 26. Nxa8 Bg6 27. Nc7
Nb4 28. Bxb4 Bxb4 29. Kf2 Ba5 30. Nb5 Nd5 31. g3 f5 32. Bc4 Kg7 33. Bxd5 exd5
34. Ra1 b6 35. Rc1 f4 36. gxf4 gxf4 37. exf4 Bd3 38. Nc7 Bc4 39. Ke3 b5 40.
Nxb5 1-0

[Event "Sparkassen-Open A"]
[Site "Heusenstamm, Martinsee"]
[Date "2019.11.22"]
[Round "3.82"]
[White "Altenbernd, Dirk"]
[Black "Eichner, Christian"]
[Result "1/2-1/2"]
[WhiteElo "1836"]
[BlackElo "2061"]
[PlyCount "33"]
[EventDate "2019.??.??"]
[WhiteTeam "SK Tönsberg Oerlinghausen"]
[BlackTeam "SV TuR Dresden"]

1. c4 e5 2. g3 Nf6 3. Bg2 d5 4. cxd5 Nxd5 5. Nc3 Be6 6. Nf3 Nc6 7. O-O Nb6 8.
d3 Be7 9. Be3 O-O 10. a3 f5 11. Rc1 Qd7 12. Na4 Nxa4 13. Qxa4 f4 14. Bc5 fxg3
15. fxg3 Rae8 16. Be3 Kh8 17. b4 1/2-1/2

[Event "Sparkassen-Open A"]
[Site "Heusenstamm, Martinsee"]
[Date "2019.11.22"]
[Round "3.83"]
[White "Rieger, Mario"]
[Black "Calvi, Stefan"]
[Result "0-1"]
[WhiteElo "1849"]
[BlackElo "2049"]
[PlyCount "90"]
[EventDate "2019.??.??"]
[WhiteTeam "MS Halver-Schalksmühle"]
[BlackTeam "SF Frankfurt"]

1. d4 Nf6 2. Nf3 e6 3. c4 c5 4. d5 exd5 5. cxd5 d6 6. Nc3 g6 7. Bg5 Bg7 8. e4
O-O 9. Bd3 h6 10. Bh4 a6 11. a4 Bg4 12. h3 Bxf3 13. Qxf3 Nbd7 14. Qd1 Qc7 15.
O-O c4 16. Be2 Rfe8 17. Qc2 Nc5 18. f3 Nb3 19. Rad1 Nh5 20. Bf2 Rab8 21. Nb1 b5
22. axb5 axb5 23. Na3 Nf4 24. Rfe1 Nxe2+ 25. Rxe2 Rec8 26. f4 Nc5 27. Bxc5
Qxc5+ 28. Kh1 c3 29. e5 b4 30. Nb1 cxb2 31. Qxb2 Qc4 32. Qd2 Re8 33. Rc1 Qb5
34. Rce1 b3 35. Qb2 Qxd5 36. Rd2 Qc4 37. Rxd6 Qxf4 38. Rd5 Rec8 39. Nc3 Qc4 40.
Rc1 Rc5 41. Rxc5 Qxc5 42. Ne4 Qxe5 43. Qxe5 Bxe5 44. Rb1 b2 45. Nc5 Ra8 0-1

[Event "Sparkassen-Open A"]
[Site "Heusenstamm, Martinsee"]
[Date "2019.11.22"]
[Round "3.85"]
[White "Haack, Kevin"]
[Black "Marchese, Gaspare"]
[Result "1-0"]
[WhiteElo "1978"]
[BlackElo "1851"]
[PlyCount "111"]
[EventDate "2019.??.??"]
[WhiteTeam "SC Bad Soden"]
[BlackTeam "SC Matt im Park"]

1. c4 e5 2. g3 Nf6 3. Bg2 Nc6 4. Nc3 Bc5 5. Nf3 d5 6. cxd5 Nxd5 7. Nxe5 Nde7 8.
Nf3 Bf5 9. O-O O-O 10. d3 Qd7 11. Bd2 Rad8 12. Rc1 Bb6 13. a3 h6 14. b4 Bh3 15.
Na4 Bxg2 16. Kxg2 Qd5 17. Nxb6 cxb6 18. Bc3 Ng6 19. Qd2 Rfe8 20. Kg1 Nce5 21.
Nxe5 Nxe5 22. Bxe5 Qxe5 23. e3 Qf5 24. Rfd1 Qf3 25. Rc4 Qd5 26. e4 Qxc4 27.
dxc4 Rxd2 28. Rxd2 Rxe4 29. Rd8+ Kh7 30. Rd7 Rxc4 31. Rxb7 Kg6 32. Rxa7 b5 33.
Ra6+ f6 34. h4 Rd4 35. Ra5 Rd3 36. h5+ Kf7 37. Kg2 Ke7 38. Ra7+ Kf8 39. Kh3 Rf3
40. Ra5 Rxf2 41. Rxb5 f5 42. a4 Ke7 43. Rb7+ Kf6 44. a5 g5 45. hxg6 Kxg6 46. b5
f4 47. gxf4 Rxf4 48. a6 Rf3+ 49. Kg2 Ra3 50. a7 Kf5 51. b6 Ra2+ 52. Kf1 Ke4 53.
Rb8 Ra1+ 54. Kf2 Ra2+ 55. Kg3 Ra3+ 56. Kh4 1-0

[Event "Sparkassen-Open A"]
[Site "Heusenstamm, Martinsee"]
[Date "2019.11.22"]
[Round "3.86"]
[White "Mehlen, Theodor"]
[Black "Schmidt, Max"]
[Result "0-1"]
[WhiteElo "1839"]
[BlackElo "1976"]
[PlyCount "78"]
[EventDate "2019.??.??"]
[WhiteTeam "SC Matt im Park"]
[BlackTeam "Frankfurter TV"]

1. e4 c5 2. Nc3 g6 3. f4 Bg7 4. Nf3 Nc6 5. Bb5 Nd4 6. O-O Nxb5 7. Nxb5 d5 8. e5
a6 9. Nc3 Bg4 10. d3 e6 11. h3 Bxf3 12. Qxf3 h5 13. Ne2 Ne7 14. Be3 b6 15. Rab1
Nc6 16. Rfc1 Rc8 17. a4 Bf8 18. Qf2 Be7 19. c3 g5 20. g3 gxf4 21. Bxf4 Kd7 22.
d4 Qg8 23. Kh2 Rf8 24. Qg2 c4 25. b3 Na5 26. bxc4 Nxc4 27. Ng1 h4 28. g4 Bg5
29. Rf1 Kc6 30. Rb4 b5 31. Qf2 Be7 32. axb5+ axb5 33. Rb3 f5 34. exf6 Rxf6 35.
Qe2 Rxf4 36. Rxf4 Bd6 37. Qf1 Qb8 38. Ne2 Nd2 39. Qa1 Nxb3 0-1

[Event "Sparkassen-Open A"]
[Site "Heusenstamm, Martinsee"]
[Date "2019.11.22"]
[Round "3.87"]
[White "Kalepky, Helmut"]
[Black "Schellen, Sven"]
[Result "1/2-1/2"]
[WhiteElo "1973"]
[BlackElo "1835"]
[PlyCount "87"]
[EventDate "2019.??.??"]
[WhiteTeam "SF Heidesheim"]
[BlackTeam "SV Frankfurt Nord"]

1. e4 Nf6 2. e5 Nd5 3. d4 d6 4. Nf3 Bg4 5. c4 Nb6 6. exd6 cxd6 7. Be2 Nc6 8. b3
g6 9. Bb2 Bg7 10. Nbd2 e5 11. d5 Ne7 12. Ne4 Bxf3 13. Bxf3 Nf5 14. g3 O-O 15.
Bg2 Nh6 16. Qd2 f6 17. Bh3 Nf7 18. Be6 Kh8 19. h4 Bh6 20. f4 Kg7 21. Qh2 Qe7
22. f5 Be3 23. Ke2 gxf5 24. Bxf5 Nh6 25. Raf1 Nxf5 26. Rxf5 Bh6 27. Rhf1 Nd7
28. Ba3 Qd8 29. Bxd6 Rf7 30. Qf2 Qa5 31. Kd3 Kg8 32. g4 Bf4 33. a4 Qa6 34. Ba3
Rd8 35. Kc2 Rc8 36. Bc1 Rxc4+ 37. bxc4 Qxc4+ 38. Kb2 Qb4+ 39. Ka1 Qxa4+ 40. Qa2
Qd4+ 41. Qb2 Qa4+ 42. Qa2 Qd4+ 43. Qb2 Qa4+ 44. Qa2 1/2-1/2

[Event "Sparkassen-Open A"]
[Site "Heusenstamm, Martinsee"]
[Date "2019.11.22"]
[Round "3.88"]
[White "Foerster-Yialamas, Lucas"]
[Black "Kosak, Matjaz"]
[Result "1-0"]
[WhiteElo "1953"]
[BlackElo "1791"]
[PlyCount "87"]
[EventDate "2019.??.??"]
[WhiteTeam "Frankfurter TV"]
[BlackTeam "SV Frankfurt Nord"]

1. e4 Nc6 2. Nf3 f5 3. exf5 d5 4. Bb5 Bxf5 5. d4 e6 6. Ne5 Nge7 7. Bg5 Qd6 8.
O-O a6 9. Bxe7 Bxe7 10. Bxc6+ bxc6 11. c3 Rb8 12. Qa4 Rb6 13. Nd2 O-O 14. b4
Bf6 15. Ndf3 g5 16. Rfe1 g4 17. Nd2 h5 18. Qd1 Kh7 19. Nf1 Bxe5 20. Rxe5 Rf6
21. Qd2 Kg6 22. Rae1 a5 23. a3 axb4 24. axb4 Rb8 25. Ng3 Rbf8 26. Ne2 Rh8 27.
Nf4+ Kf7 28. Ra1 Ke7 29. Ra6 Kd7 30. b5 h4 31. bxc6+ Ke7 32. Nxd5+ Kf7 33. Nxf6
Kxf6 34. Qf4 h3 35. Raa5 Qxc6 36. Rxf5+ exf5 37. Rxf5+ Ke7 38. Qe5+ Kd7 39.
Rf7+ Kc8 40. Qxh8+ Kb7 41. gxh3 Qxc3 42. hxg4 Qe1+ 43. Kg2 Qe4+ 44. Kg3 1-0

[Event "Sparkassen-Open A"]
[Site "Heusenstamm, Martinsee"]
[Date "2019.11.22"]
[Round "3.89"]
[White "Thomele, Michael"]
[Black "Schubert, Nikita"]
[Result "1-0"]
[WhiteElo "1832"]
[BlackElo "1965"]
[PlyCount "56"]
[EventDate "2019.??.??"]
[WhiteTeam "SC Obernau"]
[BlackTeam "ESV Gera"]

1. e4 e5 2. Nf3 Nc6 3. d4 exd4 4. Nxd4 Nf6 5. Nxc6 bxc6 6. Bd3 d5 7. exd5 cxd5
8. O-O Be7 9. Bg5 O-O 10. Nc3 c6 11. Re1 Be6 12. Ne2 h6 13. Bh4 Qc7 14. Bg3 Qb6
15. b3 Bc5 16. Nc3 Bb4 17. Na4 Qd8 18. c3 Be7 19. Be5 Nd7 20. Bg3 Nf6 21. Bc2
Bg4 22. Qd3 Bh5 23. Qa6 Qd7 24. f3 Bd6 25. Bxd6 Qxd6 26. Rad1 Ne8 27. c4 Nc7
28. Qa5 d4 1-0